[Event "European Women's Chess Club Cup 2023"]
[Site "Durres, Albania"]
[Date "2023.10.07"]
[Round "7.17"]
[White "Atalik, Ekaterina"]
[Black "Tsolakidou, Stavroula"]
[Result "1-0"]
[TimeControl "90' + 30' & 30\""]
[WhiteElo "2394"]
[BlackElo "2385"]

1. c4 {[%clk 01:30:57]} {[%emt 00:00:03]} Nf6 {[%clk 01:30:52]} {[%emt
00:00:08]} 2. Nf3 {[%clk 01:31:03]} {[%emt 00:00:23]} g6 {[%clk 01:31:12]}
{[%emt 00:00:10]} 3. b4 {[%emt 00:02:45]} a5 {[%clk 01:27:28]} {[%emt
00:03:33]} 4. b5 {[%clk 01:28:02]} {[%emt 00:01:58]} Bg7 {[%clk 01:27:11]}
{[%emt 00:00:46]} 5. Bb2 {[%clk 01:28:24]} {[%emt 00:00:10]} d6 {[%clk
01:27:25]} {[%emt 00:00:16]} 6. d4 {[%emt 00:02:23]} O-O {[%emt 00:02:20]} 7.
e3 {[%emt 00:03:39]} e5 {[%clk 01:20:35]} {[%emt 00:02:05]} 8. Be2 {[%clk
01:26:16]} {[%emt 00:01:00]} e4 {[%clk 01:13:17]} {[%emt 00:07:47]} 9. Nfd2
{[%clk 01:26:19]} {[%emt 00:00:28]} Re8 {[%clk 01:13:12]} {[%emt 00:00:35]} 10.
Nc3 {[%clk 01:26:04]} {[%emt 00:00:44]} h5 {[%clk 01:07:32]} {[%emt 00:06:11]}
11. h3 {[%clk 01:25:51]} {[%emt 00:00:43]} h4 {[%clk 01:06:43]} {[%emt
00:01:18]} 12. Qc2 {[%clk 01:25:23]} {[%emt 00:00:59]} Qe7 {[%clk 01:04:47]}
{[%emt 00:02:27]} 13. O-O-O {[%clk 01:18:46]} {[%emt 00:07:07]} c6 {[%emt
00:11:37]} 14. Kb1 {[%clk 01:07:44]} {[%emt 00:01:39]} cxb5 {[%clk 01:02:33]}
{[%emt 00:01:30]} 15. cxb5 {[%emt 00:04:43]} Be6 {[%emt 00:06:07]} 16. f3
{[%clk 00:57:27]} {[%emt 00:02:53]} exf3 {[%emt 00:04:59]} 17. gxf3 {[%emt
00:10:29]} d5 {[%clk 00:46:34]} {[%emt 00:01:52]} 18. Bd3 {[%emt 00:09:20]} Nh5
{[%clk 00:37:06]} {[%emt 00:06:05]} 19. Nf1 {[%clk 00:42:34]} {[%emt 00:08:37]}
Nd7 {[%clk 00:37:18]} {[%emt 00:00:19]} 20. f4 {[%emt 00:07:20]} Nb6 {[%clk
00:30:50]} {[%emt 00:00:42]} 21. f5 {[%clk 00:40:50]} {[%emt 00:01:39]} gxf5
{[%emt 00:00:52]} 22. Rg1 {[%emt 00:00:08]} f4 {[%emt 00:06:19]} 23. exf4
{[%clk 00:30:06]} {[%emt 00:06:08]} Bxh3 {[%emt 00:12:46]} 24. Nh2 {[%clk
00:22:38]} {[%emt 00:01:59]} Nxf4 {[%emt 00:13:56]} 25. Bc1 {[%clk 00:14:25]}
{[%emt 00:00:06]} Nh5 {[%clk 00:11:06]} {[%emt 00:08:25]} 26. Nf3 {[%emt
00:05:07]} Ng3 {[%emt 00:02:02]} 27. Qh2 {[%emt 00:05:53]} Qb4+ {[%clk
00:05:14]} {[%emt 00:00:42]} 28. Bb2 {[%clk 00:08:56]} {[%emt 00:00:08]} Bf5
{[%clk 00:03:53]} {[%emt 00:01:51]} 29. Nxh4 {[%emt 00:05:56]} Bxd3+ {[%clk
00:00:42]} {[%emt 00:01:19]} 30. Rxd3 {[%clk 00:05:42]} {[%emt 00:00:40]} Nh5
{[%clk 00:00:55]} {[%emt 00:00:17]} 31. Nf5 {[%emt 00:01:37]} Na4 {[%emt
00:02:24]} 32. Nxa4 {[%clk 00:02:08]} {[%emt 00:01:23]} Re1+ {[%clk 00:00:49]}
{[%emt 00:00:15]} 33. Rd1 {[%clk 00:02:20]} {[%emt 00:00:19]} Rxd1+ {[%clk
00:01:08]} {[%emt 00:00:12]} 34. Rxd1 {[%clk 00:02:46]} {[%emt 00:00:03]} 1-0

[Event "European Women's Chess Club Cup 2023"]
[Site "Durres, Albania"]
[Date "2023.10.07"]
[Round "7.18"]
[White "Narva, Mai"]
[Black "Rakhmangulova, Anastasiya"]
[Result "1/2-1/2"]
[TimeControl "90' + 30' & 30\""]
[WhiteElo "2399"]
[BlackElo "2354"]

1. e4 {[%clk 01:30:57]} {[%emt 00:00:03]} c5 {[%clk 01:30:56]} {[%emt
00:00:05]} 2. Nf3 {[%clk 01:31:17]} {[%emt 00:00:09]} d6 {[%clk 01:31:21]}
{[%emt 00:00:05]} 3. d4 {[%clk 01:31:34]} {[%emt 00:00:13]} cxd4 {[%clk
01:31:47]} {[%emt 00:00:05]} 4. Nxd4 {[%clk 01:31:54]} {[%emt 00:00:10]} Nf6
{[%clk 01:32:12]} {[%emt 00:00:04]} 5. Nc3 {[%clk 01:32:13]} {[%emt 00:00:11]}
a6 {[%clk 01:32:38]} {[%emt 00:00:04]} 6. Bc4 {[%clk 01:32:29]} {[%emt
00:00:15]} e6 {[%clk 01:32:26]} {[%emt 00:00:42]} 7. Be3 {[%emt 00:01:24]} b5
{[%clk 01:27:59]} {[%emt 00:03:45]} 8. Bb3 {[%clk 01:33:03]} {[%emt 00:00:13]}
Bb7 {[%clk 01:27:39]} {[%emt 00:00:51]} 9. Qe2 {[%clk 01:33:05]} {[%emt
00:00:28]} Nbd7 {[%emt 00:09:13]} 10. f3 {[%clk 01:25:03]} {[%emt 00:03:41]}
Nc5 {[%clk 01:17:34]} {[%emt 00:06:42]} 11. g4 {[%clk 01:22:32]} {[%emt
00:03:01]} Nfd7 {[%clk 01:14:25]} {[%emt 00:03:40]} 12. h4 {[%clk 01:13:06]}
{[%emt 00:09:57]} Be7 {[%clk 01:06:33]} {[%emt 00:08:21]} 13. g5 {[%clk
01:11:26]} {[%emt 00:02:09]} Qa5 {[%emt 00:05:56]} 14. Qd2 {[%clk 01:04:19]}
{[%emt 00:02:43]} b4 {[%clk 01:01:55]} {[%emt 00:04:37]} 15. Nce2 {[%clk
01:02:22]} {[%emt 00:02:27]} d5 {[%emt 00:11:56]} 16. exd5 {[%clk 00:49:36]}
{[%emt 00:01:57]} Nxb3 {[%clk 01:01:30]} {[%emt 00:00:48]} 17. Nxb3 {[%clk
00:49:18]} {[%emt 00:00:48]} Qxd5 {[%clk 01:01:52]} {[%emt 00:00:07]} 18. Qxd5
{[%clk 00:49:05]} {[%emt 00:00:43]} Bxd5 {[%clk 01:02:16]} {[%emt 00:00:06]} 19.
Kf2 {[%emt 00:06:00]} Rc8 {[%emt 00:00:17]} 20. Rac1 {[%clk 00:46:24]} {[%emt
00:03:13]} Ne5 {[%emt 00:07:40]} 21. Rh3 {[%clk 00:30:51]} {[%emt 00:13:13]}
Nc4 {[%emt 00:08:02]} 22. Nf4 {[%emt 00:01:25]} Nxe3 {[%clk 00:45:05]} {[%emt
00:00:49]} 23. Kxe3 {[%clk 00:30:00]} {[%emt 00:00:07]} Ba8 {[%emt 00:02:16]}
24. Rhh1 {[%clk 00:23:42]} {[%emt 00:05:13]} Rc4 {[%emt 00:14:59]} 25. c3
{[%clk 00:16:19]} {[%emt 00:00:07]} O-O {[%clk 00:37:00]} {[%emt 00:01:42]} 26.
cxb4 {[%clk 00:15:11]} {[%emt 00:01:37]} Rxb4 {[%clk 00:37:19]} {[%emt
00:00:11]} 27. Nd3 {[%clk 00:14:44]} {[%emt 00:00:57]} Rxh4 {[%clk 00:27:02]}
{[%emt 00:10:47]} 28. Rxh4 {[%clk 00:14:57]} {[%emt 00:00:17]} Bxg5+ {[%clk
00:27:28]} {[%emt 00:00:04]} 29. Rf4 {[%clk 00:15:07]} {[%emt 00:00:20]} e5
{[%clk 00:27:52]} {[%emt 00:00:06]} 30. Nxe5 {[%clk 00:10:15]} {[%emt
00:05:22]} Re8 {[%clk 00:28:18]} {[%emt 00:00:04]} 31. Rcc4 {[%clk 00:09:56]}
{[%emt 00:00:50]} f6 {[%clk 00:28:16]} {[%emt 00:00:32]} 32. Kf2 {[%clk
00:09:57]} {[%emt 00:00:29]} Bxf4 {[%clk 00:28:11]} {[%emt 00:00:34]} 33. Rxf4
{[%clk 00:10:00]} {[%emt 00:00:28]} Rxe5 {[%clk 00:20:50]} {[%emt 00:07:51]} 34.
Ra4 {[%clk 00:10:12]} {[%emt 00:00:17]} Bb7 {[%clk 00:21:04]} {[%emt 00:00:16]}
35. Nd4 {[%clk 00:07:43]} {[%emt 00:02:59]} Rc5 {[%clk 00:15:07]} {[%emt
00:06:28]} 36. Rb4 {[%clk 00:06:01]} {[%emt 00:02:12]} Bd5 {[%clk 00:15:06]}
{[%emt 00:00:31]} 37. a3 {[%clk 00:06:01]} {[%emt 00:00:30]} Kf7 {[%clk
00:14:04]} {[%emt 00:01:32]} 38. Rb6 {[%clk 00:05:42]} {[%emt 00:00:48]} a5
{[%clk 00:13:18]} {[%emt 00:01:17]} 39. Rd6 {[%clk 00:06:01]} {[%emt 00:00:11]}
Ba2 {[%clk 00:12:34]} {[%emt 00:01:13]} 40. Ra6 {[%clk 00:02:02]} {[%emt
00:04:28]} Rd5 {[%clk 00:06:16]} {[%emt 00:06:49]} 41. Ke3 {[%clk 00:01:24]}
{[%emt 00:01:08]} g5 {[%clk 00:03:48]} {[%emt 00:02:58]} 42. b4 {[%clk
00:26:23]} {[%emt 00:05:31]} axb4 {[%clk 00:32:48]} {[%emt 00:01:31]} 43. axb4
{[%clk 00:26:37]} {[%emt 00:00:16]} Bc4 {[%clk 00:33:10]} {[%emt 00:00:07]} 44.
Rc6 {[%clk 00:25:24]} {[%emt 00:01:43]} Re5+ {[%clk 00:33:30]} {[%emt
00:00:10]} 45. Kf2 {[%clk 00:25:21]} {[%emt 00:00:33]} Bd5 {[%clk 00:28:24]}
{[%emt 00:05:36]} 46. Rd6 {[%clk 00:25:07]} {[%emt 00:00:45]} Be6 {[%clk
00:18:13]} {[%emt 00:10:41]} 47. Ra6 {[%clk 00:15:31]} {[%emt 00:10:05]} Bd7
{[%clk 00:16:11]} {[%emt 00:02:32]} 48. Ra7 {[%clk 00:13:42]} {[%emt 00:02:19]}
Rd5 {[%clk 00:16:24]} {[%emt 00:00:17]} 49. Ke3 {[%clk 00:13:52]} {[%emt
00:00:20]} Kg6 {[%clk 00:16:08]} {[%emt 00:00:47]} 50. Rb7 {[%clk 00:13:43]}
{[%emt 00:00:39]} h5 {[%clk 00:11:19]} {[%emt 00:05:19]} 51. b5 {[%clk
00:13:33]} {[%emt 00:00:40]} h4 {[%clk 00:09:54]} {[%emt 00:01:55]} 52. b6
{[%clk 00:13:08]} {[%emt 00:00:55]} h3 {[%clk 00:10:03]} {[%emt 00:00:21]} 53.
Rb8 {[%clk 00:12:18]} {[%emt 00:01:19]} h2 {[%clk 00:09:20]} {[%emt 00:01:13]}
54. Rh8 {[%clk 00:11:07]} {[%emt 00:01:41]} Rd6 {[%clk 00:09:42]} {[%emt
00:00:09]} 55. b7 {[%clk 00:08:21]} {[%emt 00:03:15]} Rb6 {[%clk 00:10:09]}
{[%emt 00:00:04]} 56. Rxh2 {[%clk 00:08:41]} {[%emt 00:00:10]} Rxb7 {[%clk
00:10:35]} {[%emt 00:00:03]} 57. Ra2 {[%clk 00:08:36]} {[%emt 00:00:35]} Rb6
{[%clk 00:09:56]} {[%emt 00:01:10]} 58. Ra8 {[%clk 00:06:52]} {[%emt 00:02:14]}
f5 {[%clk 00:07:27]} {[%emt 00:02:58]} 59. Rg8+ {[%clk 00:06:53]} {[%emt
00:00:29]} Kf6 {[%clk 00:07:49]} {[%emt 00:00:08]} 60. f4 {[%clk 00:03:56]}
{[%emt 00:03:27]} g4 {[%clk 00:07:48]} {[%emt 00:00:31]} 61. Ra8 {[%clk
00:03:38]} {[%emt 00:00:48]} Ke7 {[%clk 00:06:16]} {[%emt 00:02:03]} 62. Ra5
{[%clk 00:03:20]} {[%emt 00:00:47]} Rf6 {[%clk 00:06:34]} {[%emt 00:00:13]} 63.
Rd5 {[%clk 00:02:24]} {[%emt 00:01:26]} Kd8 {[%clk 00:05:36]} {[%emt 00:01:28]}
64. Rc5 {[%clk 00:02:32]} {[%emt 00:00:22]} Rf7 {[%clk 00:03:12]} {[%emt
00:02:54]} 65. Kf2 {[%clk 00:02:19]} {[%emt 00:00:43]} Ke7 {[%clk 00:03:00]}
{[%emt 00:00:41]} 66. Ra5 {[%clk 00:02:05]} {[%emt 00:00:44]} Kf6 {[%clk
00:02:56]} {[%emt 00:00:34]} 67. Ra6+ {[%clk 00:01:58]} {[%emt 00:00:37]} Kg7
{[%clk 00:03:23]} {[%emt 00:00:04]} 68. Rd6 {[%emt 00:00:22]} Bc8 {[%clk
00:02:40]} {[%emt 00:01:09]} 69. Kg3 {[%clk 00:01:15]} {[%emt 00:01:25]} Ra7
{[%clk 00:01:14]} {[%emt 00:01:56]} 70. Rd8 {[%clk 00:00:42]} {[%emt 00:01:02]}
Ra3+ {[%clk 00:01:27]} {[%emt 00:00:17]} 71. Kf2 {[%clk 00:01:03]} {[%emt
00:00:09]} Rc3 {[%clk 00:01:45]} {[%emt 00:00:12]} 72. Rd6 {[%clk 00:01:07]}
{[%emt 00:00:26]} Kf7 {[%clk 00:01:00]} {[%emt 00:01:15]} 73. Rb6 {[%clk
00:00:36]} {[%emt 00:01:01]} Rd3 {[%clk 00:01:01]} {[%emt 00:00:28]} 74. Rd6
{[%clk 00:00:37]} {[%emt 00:00:30]} g3+ {[%clk 00:00:44]} {[%emt 00:00:48]} 75.
Kg1 {[%clk 00:00:54]} {[%emt 00:00:12]} Ra3 {[%clk 00:00:41]} {[%emt 00:00:34]}
76. Rd8 {[%clk 00:00:47]} {[%emt 00:00:36]} Rc3 {[%clk 00:01:07]} {[%emt
00:00:04]} 77. Nb5 {[%clk 00:00:53]} {[%emt 00:00:24]} Rc1+ {[%clk 00:00:54]}
{[%emt 00:00:44]} 78. Kg2 {[%clk 00:01:16]} {[%emt 00:00:07]} Ke7 {[%clk
00:01:21]} {[%emt 00:00:02]} 79. Rd3 {[%emt 00:01:25]} Rc2+ {[%clk 00:01:02]}
{[%emt 00:00:02]} 80. Kxg3 {[%clk 00:01:26]} {[%emt 00:00:12]} Bb7 {[%clk
00:01:29]} {[%emt 00:00:03]} 81. Nd6 {[%clk 00:01:16]} {[%emt 00:00:40]} Be4
{[%clk 00:01:06]} {[%emt 00:00:53]} 82. Nxe4 {[%clk 00:01:35]} {[%emt
00:00:11]} fxe4 {[%clk 00:01:32]} {[%emt 00:00:04]} 83. Re3 {[%clk 00:01:53]}
{[%emt 00:00:12]} Rc4 {[%clk 00:01:57]} {[%emt 00:00:05]} 84. f5 {[%clk
00:02:13]} {[%emt 00:00:10]} Kf6 {[%clk 00:02:23]} {[%emt 00:00:04]} 85. Kf4
{[%clk 00:02:38]} {[%emt 00:00:05]} Rc5 {[%clk 00:02:48]} {[%emt 00:00:05]} 86.
Rxe4 {[%clk 00:03:01]} {[%emt 00:00:08]} Rxf5+ {[%clk 00:03:13]} {[%emt
00:00:04]} 87. Ke3 {[%clk 00:03:25]} {[%emt 00:00:05]} Re5 {[%clk 00:03:40]}
{[%emt 00:00:03]} 88. Rxe5 {[%clk 00:03:51]} {[%emt 00:00:04]} Kxe5 {[%clk
00:04:08]} {[%emt 00:00:03]} 1/2-1/2

[Event "European Women's Chess Club Cup 2023"]
[Site "Durres, Albania"]
[Date "2023.10.07"]
[Round "7.19"]
[White "Demeter, Dorina"]
[Black "Radeva, Viktoria"]
[Result "1/2-1/2"]
[TimeControl "90' + 30' & 30\""]
[WhiteElo "2115"]
[BlackElo "2293"]

1. d4 {[%clk 01:30:54]} {[%emt 00:00:05]} Nf6 {[%clk 01:30:49]} {[%emt
00:00:11]} 2. c4 {[%clk 01:30:07]} {[%emt 00:01:18]} e6 {[%clk 01:31:12]}
{[%emt 00:00:08]} 3. Nc3 {[%clk 01:29:11]} {[%emt 00:01:26]} d5 {[%clk
01:31:38]} {[%emt 00:00:03]} 4. cxd5 {[%clk 01:25:10]} {[%emt 00:04:31]} exd5
{[%clk 01:32:01]} {[%emt 00:00:07]} 5. Bg5 {[%clk 01:25:00]} {[%emt 00:00:39]}
c6 {[%clk 01:32:02]} {[%emt 00:00:30]} 6. e3 {[%clk 01:25:20]} {[%emt
00:00:10]} Bd6 {[%clk 01:31:51]} {[%emt 00:00:41]} 7. Bd3 {[%clk 01:23:39]}
{[%emt 00:02:11]} O-O {[%clk 01:31:47]} {[%emt 00:00:35]} 8. Nf3 {[%clk
01:21:30]} {[%emt 00:02:39]} h6 {[%clk 01:30:58]} {[%emt 00:01:18]} 9. Bh4
{[%clk 01:21:41]} {[%emt 00:00:20]} Re8 {[%clk 01:31:01]} {[%emt 00:00:27]} 10.
O-O {[%clk 01:19:53]} {[%emt 00:02:17]} Nbd7 {[%clk 01:29:04]} {[%emt
00:02:28]} 11. Qc2 {[%clk 01:16:48]} {[%emt 00:03:35]} Nf8 {[%clk 01:28:01]}
{[%emt 00:01:33]} 12. Bg3 {[%clk 01:15:04]} {[%emt 00:02:14]} Bxg3 {[%clk
01:21:44]} {[%emt 00:06:46]} 13. hxg3 {[%clk 01:14:48]} {[%emt 00:00:47]} Bg4
{[%clk 01:19:30]} {[%emt 00:02:44]} 14. Ne5 {[%clk 01:09:13]} {[%emt 00:06:05]}
N8d7 {[%clk 01:12:48]} {[%emt 00:07:12]} 15. Nxg4 {[%clk 01:03:32]} {[%emt
00:06:11]} Nxg4 {[%clk 01:12:47]} {[%emt 00:00:31]} 16. Bf5 {[%clk 01:00:55]}
{[%emt 00:03:06]} Ngf6 {[%clk 01:09:25]} {[%emt 00:03:52]} 17. b4 {[%clk
00:32:57]} {[%emt 00:28:29]} Rc8 {[%clk 01:04:41]} {[%emt 00:05:14]} 18. Qb3
{[%clk 00:29:48]} {[%emt 00:03:39]} g6 {[%clk 01:04:01]} {[%emt 00:01:09]} 19.
Bd3 {[%clk 00:26:53]} {[%emt 00:03:25]} Ng4 {[%clk 00:57:24]} {[%emt 00:07:08]}
20. Be2 {[%clk 00:19:45]} {[%emt 00:07:38]} Qg5 {[%clk 00:52:39]} {[%emt
00:05:14]} 21. Bxg4 {[%clk 00:17:59]} {[%emt 00:02:17]} Qxg4 {[%clk 00:53:03]}
{[%emt 00:00:05]} 22. b5 {[%clk 00:18:22]} {[%emt 00:00:07]} Nf6 {[%clk
00:51:41]} {[%emt 00:01:52]} 23. bxc6 {[%clk 00:09:48]} {[%emt 00:09:06]} bxc6
{[%clk 00:50:15]} {[%emt 00:01:55]} 24. Qd1 {[%clk 00:10:08]} {[%emt 00:00:10]}
Qg5 {[%clk 00:47:37]} {[%emt 00:03:08]} 25. Ne2 {[%clk 00:08:54]} {[%emt
00:01:45]} Ne4 {[%clk 00:34:53]} {[%emt 00:13:13]} 26. Nf4 {[%clk 00:07:12]}
{[%emt 00:02:11]} h5 {[%clk 00:30:50]} {[%emt 00:04:33]} 27. Qe2 {[%clk
00:03:28]} {[%emt 00:04:15]} Kg7 {[%clk 00:28:49]} {[%emt 00:02:31]} 28. Nd3
{[%clk 00:01:48]} {[%emt 00:02:09]} h4 {[%clk 00:23:40]} {[%emt 00:05:40]} 29.
gxh4 {[%clk 00:02:10]} {[%emt 00:00:09]} Qxh4 {[%clk 00:24:03]} {[%emt
00:00:06]} 30. g3 {[%clk 00:02:04]} {[%emt 00:00:36]} Nxg3 {[%clk 00:16:34]}
{[%emt 00:07:59]} 31. fxg3 {[%clk 00:02:33]} {[%emt 00:00:01]} Qxg3+ {[%clk
00:16:58]} {[%emt 00:00:06]} 32. Qg2 {[%clk 00:02:59]} {[%emt 00:00:04]} Qxe3+
{[%clk 00:17:22]} {[%emt 00:00:06]} 33. Qf2 {[%clk 00:03:24]} {[%emt 00:00:05]}
Qg5+ {[%clk 00:09:01]} {[%emt 00:08:50]} 34. Qg2 {[%clk 00:03:50]} {[%emt
00:00:05]} Qe3+ {[%clk 00:04:36]} {[%emt 00:04:55]} 35. Qf2 {[%clk 00:04:14]}
{[%emt 00:00:05]} Qg5+ {[%clk 00:02:33]} {[%emt 00:02:32]} 36. Qg2 {[%clk
00:04:36]} {[%emt 00:00:07]} 1/2-1/2

[Event "European Women's Chess Club Cup 2023"]
[Site "Durres, Albania"]
[Date "2023.10.07"]
[Round "7.20"]
[White "Gajcin, Marina"]
[Black "Aydin, Gulenay"]
[Result "1-0"]
[TimeControl "90' + 30' & 30\""]
[WhiteElo "2225"]
[BlackElo "2143"]

1. e4 {[%clk 01:30:57]} {[%emt 00:00:02]} d6 {[%clk 01:30:48]} {[%emt
00:00:13]} 2. d4 {[%clk 01:31:23]} {[%emt 00:00:03]} Nf6 {[%clk 01:31:13]}
{[%emt 00:00:05]} 3. Nc3 {[%clk 01:31:50]} {[%emt 00:00:03]} e5 {[%clk
01:31:38]} {[%emt 00:00:06]} 4. Nf3 {[%clk 01:32:15]} {[%emt 00:00:04]} Nbd7
{[%clk 01:32:03]} {[%emt 00:00:05]} 5. Bc4 {[%clk 01:31:35]} {[%emt 00:01:10]}
Be7 {[%clk 01:32:27]} {[%emt 00:00:07]} 6. a4 {[%clk 01:29:48]} {[%emt
00:02:16]} O-O {[%clk 01:32:10]} {[%emt 00:00:47]} 7. O-O {[%clk 01:30:02]}
{[%emt 00:00:17]} c6 {[%clk 01:32:20]} {[%emt 00:00:19]} 8. h3 {[%clk
01:29:45]} {[%emt 00:00:47]} h6 {[%clk 01:32:42]} {[%emt 00:00:08]} 9. Re1
{[%clk 01:29:50]} {[%emt 00:00:26]} Re8 {[%clk 01:33:05]} {[%emt 00:00:07]} 10.
Be3 {[%clk 01:27:57]} {[%emt 00:02:22]} exd4 {[%emt 00:05:14]} 11. Qxd4 {[%clk
01:18:05]} {[%emt 00:07:02]} Nf8 {[%clk 01:31:26]} {[%emt 00:00:45]} 12. Qd2
{[%clk 01:09:01]} {[%emt 00:09:35]} Be6 {[%clk 01:09:44]} {[%emt 00:22:12]} 13.
Bd3 {[%clk 01:06:06]} {[%emt 00:03:24]} d5 {[%clk 01:03:03]} {[%emt 00:07:11]}
14. e5 {[%clk 01:03:48]} {[%emt 00:02:48]} N6d7 {[%clk 01:03:11]} {[%emt
00:00:22]} 15. Ne2 {[%clk 00:58:43]} {[%emt 00:05:35]} Nc5 {[%emt 00:01:59]} 16.
Bxc5 {[%clk 00:54:05]} {[%emt 00:05:00]} Bxc5 {[%emt 00:01:57]} 17. c3 {[%clk
00:50:17]} {[%emt 00:02:29]} Be7 {[%clk 00:59:17]} {[%emt 00:03:25]} 18. Rad1
{[%clk 00:43:57]} {[%emt 00:06:51]} Qc7 {[%emt 00:08:55]} 19. Bb1 {[%clk
00:36:58]} {[%emt 00:03:53]} a6 {[%clk 00:50:57]} {[%emt 00:04:00]} 20. Nf4
{[%clk 00:30:34]} {[%emt 00:06:54]} Red8 {[%clk 00:48:07]} {[%emt 00:03:20]} 21.
Nd4 {[%clk 00:23:16]} {[%emt 00:07:48]} Bg5 {[%clk 00:27:54]} {[%emt 00:20:44]}
22. Nfxe6 {[%clk 00:22:08]} {[%emt 00:01:38]} fxe6 {[%clk 00:28:13]} {[%emt
00:00:10]} 23. f4 {[%clk 00:21:01]} {[%emt 00:01:37]} Bh4 {[%clk 00:28:37]}
{[%emt 00:00:06]} 24. Re2 {[%clk 00:17:30]} {[%emt 00:04:02]} c5 {[%clk
00:27:58]} {[%emt 00:01:09]} 25. Nf3 {[%clk 00:17:25]} {[%emt 00:00:34]} Be7
{[%clk 00:28:26]} {[%emt 00:00:02]} 26. f5 {[%clk 00:15:56]} {[%emt 00:02:00]}
exf5 {[%clk 00:28:45]} {[%emt 00:00:12]} 27. Bxf5 {[%clk 00:15:25]} {[%emt
00:01:00]} b5 {[%clk 00:28:30]} {[%emt 00:00:44]} 28. axb5 {[%clk 00:12:21]}
{[%emt 00:03:34]} axb5 {[%emt 00:00:11]} 29. Kh1 {[%clk 00:12:20]} {[%emt
00:00:22]} Rab8 {[%clk 00:27:48]} {[%emt 00:01:40]} 30. Qf4 {[%emt 00:01:52]}
Ra8 {[%clk 00:21:38]} {[%emt 00:05:47]} 31. Bc2 {[%clk 00:10:52]} {[%emt
00:01:29]} Ra7 {[%clk 00:17:35]} {[%emt 00:04:34]} 32. Qf5 {[%clk 00:10:22]}
{[%emt 00:01:01]} Qc6 {[%clk 00:16:05]} {[%emt 00:01:59]} 33. e6 {[%clk
00:08:26]} {[%emt 00:02:26]} Bf6 {[%clk 00:16:20]} {[%emt 00:00:16]} 34. Ne5
{[%clk 00:06:24]} {[%emt 00:02:31]} Bxe5 {[%clk 00:13:57]} {[%emt 00:02:53]} 35.
Rxe5 {[%clk 00:06:49]} {[%emt 00:00:05]} Re7 {[%clk 00:12:00]} {[%emt
00:02:27]} 36. Rf1 {[%clk 00:07:02]} {[%emt 00:00:17]} Qd6 {[%clk 00:07:43]}
{[%emt 00:04:46]} 37. Rfe1 {[%clk 00:06:23]} {[%emt 00:01:09]} Qc6 {[%clk
00:05:06]} {[%emt 00:03:07]} 38. Bb1 {[%clk 00:03:08]} {[%emt 00:03:45]} c4
{[%clk 00:03:33]} {[%emt 00:02:03]} 39. Rf1 {[%clk 00:01:48]} {[%emt 00:01:50]}
Qd6 {[%clk 00:03:13]} {[%emt 00:00:51]} 40. Re2 {[%clk 00:00:36]} {[%emt
00:01:42]} Rde8 {[%clk 00:00:46]} {[%emt 00:02:56]} 41. Qf7+ {[%clk 00:30:11]}
{[%emt 00:00:55]} 1-0